Residential condominiums : A guide to analysis and appraisal

Bibliographic Details
Main Author: Dombal, Robert W. (Author)
Corporate Author: The American Institute of Real Estate Appraisers of the national Association of Realtors
Format: Book
Language:English
Published: Chicago, Illinois : American Institute of Real Estate Appraisers of the National Association of Realtors c1976
Subjects:

MARC

LEADER 00000cam a2200000 7i4500
001 0000003755
005 20240927.0
008 991206 ilu eng
040 |a INS   |b eng   |e rda 
090 0 0 |a HD7287.65   |b .D64 1976 
100 1 |a Dombal, Robert W. ,   |e author 
245 1 0 |a Residential condominiums :   |b A guide to analysis and appraisal   |c prepared by Robert W. Dombal 
264 1 |a Chicago, Illinois :   |b American Institute of Real Estate Appraisers of the National Association of Realtors   |c c1976 
300 |a 77 pages ;   |c 28 cm. 
336 |a text  |2 rdacontent 
337 |a unmediated  |2 rdamedia 
338 |a volume  |2 rdacarrier 
650 0 |a Condominium (Housing) 
710 2 |a The American Institute of Real Estate Appraisers of the national Association of Realtors 
999 |a 0000001708   |b BOOK   |c Open Shelf   |e Default branch